1010 1329 1933 1707 1773 1451 1653 1805 1102 1997 1307 1831 1497 1656 1253 1139 1475 1058 1934 1967 1444 1902 1462 1692 1757 1112 1470 1527 1069 1572 1251 1587 1179 1134 1410 1820 1518 1951 1429 1544 1330 1249 1599 1767 1959 1992 1050 1938 1223 1344 1172 1487 1885 1670 1079 1499 1870 1210 1525 1138 1316 1694 1708 1598 1703 1565 1104 1565 1489 1303 1448 1979 1551 1788 1165 1559 1054 1849 1885 1695 1388 1462 1310 1483 1261 1369 1589 1027 1536 1215 1740 1183 1027 1558 1480 1500 1511 1361 1988 BCNSPRNW ULIB Ver.6.0+V

เปลี่ยนเป็นภาษาไทย

Change to English
 แสดงรายละเอียดบรรณานุกรม
  กลับหน้าหลัก

Brief Record : Get Marc (ISO 2709) : E-mail record : QR code < ปิดหน้าต่าง
LEADER : 00000nam 2200000uu 4500
001    13399111370
003     ULIB
008    110623s||||||||th 000 0 tha d
020    9749348281
050  4 BJ1486^bอ598อ 2549
100 0  สานุพันธ์ ตันติศิริวัฒน์
245 10 อัจฉริยะบนทางสีขาว :^bดร. อาจอง ชุมสาย ณ อยุธยา /^cสานุพันธ์ ตันติศิริวัฒน์
250    พิมพ์ครั้งที่ 5
260    กรุงเทพฯ :^bฟรีมายด์,^c2549
300    215 หน้า :^bภาพประกอบ ;^c21 ซม.
600 07 อาจอง ชุมสาย ณ อยุธยา,^d2483-
650  7 ชีวประวัติ
650  7 นักวิทยาศาสตร์
650  7 นักวิทยาศาสตร์^xชีวประวัติ
650  7 นักวิทยาศาสตร์^zไทย^vชีวประวัติ
945    ^p195^l0^i020559
945    ^p195^l0^i021015
995    ทศพร
999 ^a ใช้งานได้ทุกระบบ
รายการนี้ยังไม่มีแท็ก
คุณยังไม่ได้ล็อกอิน คุณสามารถมีกิจกรรมร่วมกับเว็บไซต์ได้ แต่ต้องล็อกอินก่อน ::
  ล็อกอิน

รายการสื่อสารสนเทศ

ลำดับที่ ประเภท เลขเรียก/บาร์โค้ด สถานที่ สถานะ
- ไม่พบข้อมูล -

รายการใกล้เคียง
    ผู้แต่ง [สานุพันธ์ ตันติศิริวัฒน์]

    หัวเรื่อง [ชีวประวัติ]
    หัวเรื่อง [นักวิทยาศาสตร์]

BibComment


ยังไม่เคยถูกคอมเมนท์

คอมเมนท์ทรัพยากรรายการนี้
  คอมเมนท์: อัจฉริยะบนทางสีขา..


 Copyright 2026. Bcnsprnw @Library